000 00582nam a2200181Ia 4500
008 151018s9999 xx 000 0 und d
082 _bRBASDV61635
_a133.5
100 _aआनंद पिंपळकर
245 _aमहा राशीचक्र
250 _b1
260 _b"साप्ता.तलवार ,पुणे "
300 _a76
600 _aआनंद पिंपळकर
630 _aमहा राशीचक्र
700 _aआनंद पिंपळकर
730 _aमहा राशीचक्र
942 _cBOOK
999 _c1054897
_d1054894